000 00345nam a2200121Ia 4500
008 240731s9999 xx 000 0 und d
022 _a2164-5701
245 0 _aGM Crops & Food : Biotechnology in Agriculture and the Food Chain
260 _bTaylor & Francis
856 _uhttps://www.tandfonline.com/loi/kgmc20
942 _2ddc
942 _cTFEJ
999 _c76691
_d76691
945 _a1
_bMadushi Gamage
_c1
_dMadushi Gamage